00714nam a22001937a 450000500170000000800410001702000180005804000270007604100080010304400070011108200160011810000330013424501100016726000530027730000300033065000590036065000620041965000390048120180323105748.0180323b2011 ck ||||| |||| 00| 0 spa d a9789586709033 aCO-BoIAVH cCO-BoIAVH  aspa ack a571.8bU58e aCantera Kintz, Jaime Ricardo10aEstadios de vida vulnerable de organismos marinos de Bahía Málaga: b guía para su identificación aSantiago de Cali:bUniversidad del Valle,c2011. a144. páginasc24 x 22cm14aBiología xCiclos vitaleszBahía Malaga (Colombia)14aFauna MarinaxIdentificaciónzBahía Malaga (Colombia)14aBiología MarinaxClasificación